00645nam a22001931a 450000100060000000300080000600500170001400800410003103500190007203500180009104000470010904100080015608200210016410000370018524501170022226000660033930000260040565000200043120655BD-RjUL20211209000607.0140301s1954 enk 000 1 eng d a(BD-RjUL)20717 a(OCoLC)232164 aDLCcDLCdOCoLCdUkdWUdDLCdBD-RjULbeng aeng00a822.91bJOC 19541 aJohnson, Pamela Hansford,d1912-10aCorinth House :ba play in three acts /cby Pamela Hansford Johnson, with an essay on the future of prose-drama. aLondon :bMacmillan ;aNew York :bSt. Martin's Press,c1954. avii, 143 p. ;c22 cm. 0aDrama, English.